000 00758nam a2200217 i 4500
001 99722
003 ES-MaACL
005 20230906182538.0
007 t|
008 050915s1957 sp ||||1| spa d
080 _a615.7(02)
100 1 _aMartínez Crespo, C.
_977958
245 1 0 _aSíntesis industrial de medicamentos :
_bobtención industrial, análisis y farmacología de los medicamentos /
_cC. Crespo Martínez ; prólogo del Prof. D. Obdulio Fernández.
260 _aMadrid :
_bDossat,
_c1957.
300 _aXIX, 716 p. :
_bil. ;
_c22 cm.
650 4 _aMedicamentos.
_914884
650 4 _aFarmacología.
_912725
700 1 _aFernández y Rodríguez, Obdulio,
_d1883-1982
_950192
852 _aES-MaACL
_jC-12009
999 _c99722
_d99722